[Event "Koge Open Weekend 4 2023"]
[Site "Koge"]
[Date "2023.04.21"]
[Round "1"]
[White "Jacobsen, Mikkel Manosri"]
[Black "Iskos, Lukas"]
[Result "1-0"]
[WhiteElo "2309"]
[BlackElo "2013"]
[EventDate "2023.04.21"]
[EventType "swiss"]
[EventRounds "7"]
[EventCountry "DEN"]
[SourceTitle "Live v. Koge Skakklub"]

1. d4 Nf6 2. Nf3 e6 3. Bf4 d5 4. e3 Bd6 5. Nbd2 Bxf4 6. exf4 O-O 7. c3 b6 8. h4 c5 9. h5 h6 10. Ne5 Nh7 11. Ndf3 Re8 12. Bb5 Nd7 13. Qa4 Nhf8 14. Bc6 Rb8 15. Qxa7 Re7 16. Qa4 f6 17. Nxd7 Bxd7 18. Bxd7 Nxd7 19. Qb3 c4 20. Qd1 e5 21. dxe5 Nc5 22. O-O Nd3 23. exf6 gxf6 24. Nd4 Qd7 25. Qf3 Kh8 26. f5 Re4 27. Ne6 Rg8 28. Rfd1 Reg4 29. g3 Qd6 30. Kf1 Nxf2 31. Qxf2 Rxg3 32. Rd2 Rg1+ 33. Qxg1 Rxg1+ 34. Kxg1 Qg3+ 35. Rg2 Qe3+ 36. Rf2 Qg3+ 37. Kf1 Qh3+ 38. Ke2 Qd3+ 39. Ke1 Qe3+ 40. Kf1 Qh3+ 41. Kg1 Qg3+ 42. Rg2 Qe3+ 43. Kh2 Qe5+ 44. Rg3 Qe2+ 45. Rg2 Qe5+ 46. Kh1 Qxf5 47. Nd4 Qh3+ 48. Kg1 Qxh5 49. Re1 f5 50. Ree2 f4 51. Rgf2 Qg4+ 52. Kf1 Qh3+ 53. Ke1 Qg3 54. Kd2 h5 55. Rf3 Qg4 56. Ref2 Qg6 57. Re2 Qg4 58. a3 h4 59. Kc2 Qg6+ 60. Kd2 Qg4 61. Ref2 Qg6 62. Kc1 Qg1+ 63. Rf1 Qg5 64. Kb1 Qg6+ 65. Ka2 Qg2 66. R3f2 Qg3 67. Rxf4 h3 68. Rf8+ Kh7 69. Re8 h2 70. Re2 Qg1 71. Ree1 Qg2 72. a4 Kg7 73. Ka3 Kh7 74. Rh1 Kg6 75. Rhf1 Kh7 76. Nf3 Kg7 77. Nxh2 Qxh2 78. Rf3 Qc2 79. Ka2 Qxa4+ 80. Kb1 Kh6 81. Rg1 Qd7 82. Rf2 Qh3 83. Ka2 d4 84. cxd4 Qb3+ 85. Ka1 Qh3 1-0

[Event "Koge Open Weekend 4 2023"]
[Site "Koge"]
[Date "2023.04.21"]
[Round "1"]
[White "Petersen, Daniel"]
[Black "Heimisson, Hilmir Freyr"]
[Result "0-1"]
[WhiteElo "2010"]
[BlackElo "2351"]
[EventDate "2023.04.21"]
[EventType "swiss"]
[EventRounds "7"]
[EventCountry "DEN"]
[SourceTitle "Live v. Koge Skakklub"]

1. d4 Nf6 2. c4 e6 3. Nf3 d5 4. Nc3 Bb4 5. Qc2 dxc4 6. a3 Bxc3+ 7. Qxc3 Qd5 8. a4 Ne4 9. Qc2 Nc6 10. e3 Nb4 11. Qd1 b6 12. Bd2 Nd3+ 13. Bxd3 cxd3 14. O-O O-O 15. Bc3 Ba6 16. Re1 c5 17. Nd2 Nxd2 18. Qxd2 Qg5 19. f4 Qg6 20. Rf1 Bb7 21. Rf2 Be4 22. b3 Rfd8 23. Rc1 Rd5 24. dxc5 Rxc5 25. Bd4 Rc2 26. Rxc2 dxc2 27. Qc3 Qg4 28. h3 Qd1+ 29. Rf1 f6 30. Qc4 Bd5 31. Qc3 h6 32. b4 Bb7 33. Qa1 Qd2 0-1

[Event "Koge Open Weekend 4 2023"]
[Site "Koge"]
[Date "2023.04.21"]
[Round "1"]
[White "Kistrup, Nicolai"]
[Black "Jalving, August"]
[Result "1/2-1/2"]
[WhiteElo "2300"]
[BlackElo "1962"]
[EventDate "2023.04.21"]
[EventType "swiss"]
[EventRounds "7"]
[EventCountry "DEN"]
[SourceTitle "Live v. Koge Skakklub"]

1. d4 Nf6 2. c4 e6 3. Nf3 d5 4. g3 dxc4 5. Bg2 c5 6. O-O Nc6 7. Qa4 Bd7 8. dxc5 Bxc5 9. Qxc4 Be7 10. Nc3 O-O 11. Rd1 e5 12. Bg5 Be6 13. Qb5 Qc7 14. Bxf6 Bxf6 15. Ne4 Be7 16. Nc5 Bxc5 17. Qxc5 Rad8 18. b4 Qb6 19. Qxb6 axb6 20. b5 Nd4 21. Nxd4 exd4 22. Bxb7 Bc4 23. Rd2 Rfe8 24. Bf3 Bxb5 25. Rad1 Bc4 26. a3 g6 27. Kf1 Re7 28. Rxd4 Rxd4 29. Rxd4 Rc7 30. Rd8+ Kg7 31. Rb8 b5 32. Rb7 Rc5 33. Ke1 Bd5 34. Bxd5 Rxd5 35. f3 h5 36. Kf2 Rc5 37. Ra7 Rc3 38. Ke1 Rb3 39. Kd2 b4 40. axb4 Rxb4 41. Ke3 Kf6 42. Ra6+ Kg7 43. Rc6 f6 44. Kd3 g5 45. Ke3 Kg6 46. Rc8 h4 47. g4 Rb1 48. Kf2 Rh1 49. Kg2 Re1 50. Rc2 Kf7 51. Kf2 Rh1 52. Kg2 Re1 53. Ra2 Ke6 54. h3 Ke5 55. Ra5+ Ke6 56. Kf2 Rh1 57. Kg2 Re1 58. Ra2 Ke5 59. Rb2 Kf4 60. Kf2 Rh1 61. e3+ Ke5 62. Kg2 Re1 63. Kf2 Rh1 64. Rb5+ Ke6 65. Kg2 Re1 66. e4 Re2+ 67. Kg1 Rd2 68. Rf5 Re2 69. f4 gxf4 70. Rxf4 Ke5 71. Rf5+ Ke6 72. Rh5 Rxe4 73. Rxh4 Kf7 74. Kg2 Re3 75. Rh8 Kg7 76. Ra8 Kg6 77. h4 Rd3 78. Ra6 Kg7 79. Re6 Rc3 80. Re4 Kg6 81. Rf4 Rd3 82. Rf3 Rd2+ 83. Kg3 Rd4 84. Ra3 Re4 85. Ra6 Kg7 86. Kf3 Rc4 87. Kg3 Rd4 88. Re6 Kf7 89. Re3 Kg6 90. Kf3 f5 91. Re6+ Kf7 92. gxf5 Rxh4 93. Kg3 Rd4 94. Kf3 Rc4 95. Re5 1/2-1/2

[Event "Koge Open Weekend 4 2023"]
[Site "Koge"]
[Date "2023.04.21"]
[Round "1"]
[White "Okhotnik, Vladimir"]
[Black "Veiergang, Oscar Jacob"]
[Result "1-0"]
[WhiteElo "2316"]
[BlackElo "1856"]
[EventDate "2023.04.21"]
[EventType "swiss"]
[EventRounds "7"]
[EventCountry "DEN"]
[SourceTitle "Live v. Koge Skakklub"]

1. e4 c5 2. Nf3 Nc6 3. c3 e6 4. d4 cxd4 5. cxd4 d5 6. exd5 exd5 7. Nc3 Nf6 8. Bd3 Be7 9. h3 h6 10. O-O O-O 11. a3 Be6 12. Bc2 Re8 13. Be3 Rc8 14. Re1 Bf8 15. Qd3 Ne7 16. Qd2 Nf5 17. Ne5 Nd6 18. Bf4 Nc4 19. Nxc4 dxc4 20. Rad1 Nd5 21. Be5 Qg5 22. f4 Qd8 23. f5 Nxc3 24. Qxc3 Bd5 25. f6 gxf6 26. Bf4 Rxe1+ 27. Rxe1 Qd7 28. Re3 Bg7 29. Rg3 Kh8 30. Qd2 1-0

[Event "Koge Open Weekend 4 2023"]
[Site "Koge"]
[Date "2023.04.21"]
[Round "1"]
[White "Balton, Tim"]
[Black "Liu, Casper Yukun"]
[Result "0-1"]
[WhiteElo "2010"]
[BlackElo "2241"]
[EventDate "2023.04.21"]
[EventType "swiss"]
[EventRounds "7"]
[EventCountry "DEN"]
[SourceTitle "Live v. Koge Skakklub"]

1. d4 d5 2. e3 Nf6 3. Bd3 c5 4. c3 Nc6 5. f4 g6 6. Nd2 Bg7 7. Ngf3 O-O 8. Ne5 Bf5 9. Qc2 e6 10. O-O Rc8 11. Ndf3 cxd4 12. Nxc6 Bxd3 13. Qxd3 bxc6 14. exd4 c5 15. dxc5 Ne4 16. Be3 Nxc5 17. Bxc5 Rxc5 18. Nd4 Qb6 19. Rf2 Rc4 20. Rd1 Rfc8 21. Kf1 a5 22. g4 Bxd4 23. cxd4 Rb4 24. Rdd2 Rcc4 25. Rc2 Rxd4 26. Rc8+ Kg7 27. Qc3 e5 28. fxe5 Rd1+ 29. Kg2 Rxg4+ 30. Kf3 Rf4+ 31. Kxf4 Qxf2+ 32. Kg4 Rd4+ 0-1

[Event "Koge Open Weekend 4 2023"]
[Site "Koge"]
[Date "2023.04.21"]
[Round "1"]
[White "Pedersen, Henrik Dahl"]
[Black "Keinicke, Mads"]
[Result "1-0"]
[WhiteElo "2218"]
[BlackElo "1828"]
[EventDate "2023.04.21"]
[EventType "swiss"]
[EventRounds "7"]
[EventCountry "DEN"]
[SourceTitle "Live v. Koge Skakklub"]

1. Nf3 g6 2. g3 Bg7 3. Bg2 d5 4. O-O Nf6 5. c4 e6 6. d4 O-O 7. Nc3 c6 8. Bg5 Nbd7 9. Qb3 h6 10. Bf4 Re8 11. Rfd1 b6 12. cxd5 exd5 13. Rac1 Ba6 14. Ne5 Nxe5 15. Bxe5 Ng4 16. Bxg7 Kxg7 17. e4 Bc4 18. Qc2 Nf6 19. b3 Ba6 20. e5 Nd7 21. f4 Rc8 22. f5 Qg5 23. f6+ Kh7 24. Qf2 Nf8 25. h4 Qg4 26. Kh2 Qh5 27. Bh3 g5 28. Bf5+ Kg8 29. g4 Qxh4+ 30. Qxh4 gxh4 31. Bxc8 Rxc8 32. Kh3 Ng6 33. Rc2 Re8 34. Rf2 Bc8 35. Rg1 h5 36. Rf5 hxg4+ 37. Kxg4 Bxf5+ 38. Kxf5 Kh7 39. b4 Rg8 40. Rh1 Kh6 41. b5 Rc8 42. bxc6 Rxc6 43. Nxd5 Rc2 44. Ne7 Rf2+ 45. Ke4 Rf4+ 46. Kd5 Nf8 47. Nc6 Ne6 48. Kd6 Nxd4 49. Nxd4 Rxd4+ 50. Ke7 Kg6 51. Rg1+ Kf5 52. e6 Rc4 53. Kxf7 Rc7+ 54. e7 a5 55. Rf1+ Kg5 56. Kf8 1-0

[Event "Koge Open Weekend 4 2023"]
[Site "Koge"]
[Date "2023.04.21"]
[Round "2"]
[White "Pedersen, Henrik Dahl"]
[Black "Jacobsen, Mikkel Manosri"]
[Result "0-1"]
[WhiteElo "2218"]
[BlackElo "2309"]
[EventDate "2023.04.21"]
[EventType "swiss"]
[EventRounds "7"]
[EventCountry "DEN"]
[SourceTitle "Live v. Koge Skakklub"]

1. d4 d5 2. c4 e6 3. Nf3 a6 4. g3 dxc4 5. Bg2 Nc6 6. O-O Rb8 7. e4 Be7 8. Nc3 Nf6 9. d5 Nb4 10. Ne5 exd5 11. exd5 Bf5 12. Bf4 Nd3 13. Nxc4 Nxf4 14. gxf4 O-O 15. Ne3 Bd7 16. Qd4 Ne8 17. Ne4 Nd6 18. Nxd6 Bxd6 19. Nc4 Bb5 20. Nxd6 Bxf1 21. Nf5 f6 22. Rxf1 g6 23. Ne3 Qd7 24. Rc1 Rf7 25. f5 g5 26. h4 gxh4 27. Qxh4 Kh8 28. Rc4 Qb5 29. b3 Qa5 30. a4 Qe1+ 31. Kh2 Rg8 32. Rg4 Rxg4 33. Nxg4 Qc3 34. Qh5 Kg7 35. Qh6+ Kg8 36. Qe3 Qxe3 37. fxe3 Kg7 38. e4 h5 39. Ne3 Kh6 40. Nc2 c6 41. Nd4 cxd5 42. exd5 Rc7 43. Ne6 Rc3 44. d6 Rd3 45. Nc5 Rxd6 46. Nxb7 Rd3 47. Nc5 Rc3 48. b4 a5 49. Ne4 Ra3 50. bxa5 Rxa4 51. Nxf6 Kg5 52. Ne4+ Kxf5 53. Nd6+ Ke6 54. Nb7 Ra2 55. a6 Kd7 56. Nc5+ Kc7 57. Kh3 0-1

[Event "Koge Open Weekend 4 2023"]
[Site "Koge"]
[Date "2023.04.21"]
[Round "2"]
[White "Heimisson, Hilmir Freyr"]
[Black "Eriksson, Christian Altenburg"]
[Result "1-0"]
[WhiteElo "2351"]
[BlackElo "2152"]
[EventDate "2023.04.21"]
[EventType "swiss"]
[EventRounds "7"]
[EventCountry "DEN"]
[SourceTitle "Live v. Koge Skakklub"]

1. e4 c5 2. Nf3 Nc6 3. Bb5 g6 4. Bxc6 dxc6 5. d3 Bg7 6. h3 Nf6 7. O-O Nd7 8. Nc3 e5 9. Be3 b6 10. Nh2 Nf8 11. f4 exf4 12. Bxf4 Ne6 13. Qd2 Nxf4 14. Qxf4 O-O 15. Nf3 c4 16. Rad1 cxd3 17. cxd3 Qe7 18. d4 Ba6 19. Rf2 f5 20. e5 Rad8 21. d5 cxd5 22. Nxd5 Qc5 23. b4 Rxd5 24. bxc5 Rxd1+ 25. Kh2 bxc5 26. Qa4 Rf1 27. Rd2 Bh6 28. Qxa6 1-0

[Event "Koge Open Weekend 4 2023"]
[Site "Koge"]
[Date "2023.04.21"]
[Round "2"]
[White "Koch Mueller, Oscar"]
[Black "Hoi, Carsten"]
[Result "1/2-1/2"]
[WhiteElo "2167"]
[BlackElo "2328"]
[EventDate "2023.04.21"]
[EventType "swiss"]
[EventRounds "7"]
[EventCountry "DEN"]
[SourceTitle "Live v. Koge Skakklub"]

1. d4 Nf6 2. Nf3 g6 3. e3 Bg7 4. Bd3 O-O 5. O-O d6 6. Nbd2 Nc6 7. c4 e5 8. dxe5 dxe5 9. Ne4 Bg4 10. Nxf6+ Qxf6 11. Be4 Bf5 12. Bxf5 Qxf5 13. Qb3 e4 14. Nd4 Nxd4 15. exd4 Bxd4 16. Qxb7 Rab8 17. Qxc7 Rfc8 18. Qe7 Rxc4 19. Be3 Bc5 20. Bxc5 Qxc5 21. Qxc5 Rxc5 22. b3 Rc2 23. Rfc1 Rbc8 24. Rxc2 Rxc2 25. g4 f5 26. gxf5 gxf5 27. Rd1 Rxa2 28. Rd5 f4 29. Rg5+ Kh8 30. Re5 Re2 31. Re7 a5 32. Re5 Kg7 33. Rxa5 Kf6 34. h4 Rb2 35. Rb5 Ke6 36. Rb7 Kf5 37. Rxh7 Kg4 38. Rg7+ Kf3 39. h5 Rxb3 40. h6 Rb1+ 41. Kh2 Rb6 42. h7 Rh6+ 43. Kg1 Ke2 44. Kg2 e3 45. Re7 1/2-1/2

[Event "Koge Open Weekend 4 2023"]
[Site "Koge"]
[Date "2023.04.21"]
[Round "2"]
[White "Okhotnik, Vladimir"]
[Black "Gregor, Bjarke"]
[Result "1-0"]
[WhiteElo "2316"]
[BlackElo "2095"]
[EventDate "2023.04.21"]
[EventType "swiss"]
[EventRounds "7"]
[EventCountry "DEN"]
[SourceTitle "Live v. Koge Skakklub"]

1. e4 c5 2. Nf3 d6 3. Bc4 e6 4. O-O a6 5. d3 b5 6. Bb3 Bb7 7. Re1 Nd7 8. c3 Ngf6 9. Nbd2 Qc7 10. Bc2 Rc8 11. Nf1 Be7 12. Bf4 Ne5 13. Rc1 Ng6 14. Bg5 O-O 15. Qe2 h6 16. Bd2 Rfd8 17. Ng3 Qb8 18. h3 Qa8 19. Bb1 a5 20. Nh2 b4 21. Ng4 Nxg4 22. Qxg4 Ne5 23. Qh5 Ba6 24. c4 Bf8 25. f4 Nd7 26. f5 Nf6 27. Qf3 e5 28. Nf1 Bb7 29. Re2 d5 30. exd5 Nxd5 31. cxd5 Rxd5 32. Qg3 Qa6 33. Ne3 Rd4 34. Nc4 e4 35. b3 exd3 36. Bxd3 Rcd8 37. Bc2 Qf6 38. Rce1 Bc6 39. Bc1 Rxc4 40. bxc4 Qd4+ 41. Be3 Qxc4 42. Bb3 Qe4 43. f6 Qh7 44. Bc2 g6 45. Bb3 Rd6 46. Bxc5 Rxf6 47. Re8 Bxe8 48. Rxe8 1-0

[Event "Koge Open Weekend 4 2023"]
[Site "Koge"]
[Date "2023.04.21"]
[Round "2"]
[White "Henriksen, Kasper"]
[Black "Liu, Casper Yukun"]
[Result "0-1"]
[WhiteElo "2130"]
[BlackElo "2241"]
[EventDate "2023.04.21"]
[EventType "swiss"]
[EventRounds "7"]
[EventCountry "DEN"]
[SourceTitle "Live v. Koge Skakklub"]

1. d4 d5 2. c4 dxc4 3. Nf3 Bg4 4. e3 e6 5. Bxc4 a6 6. O-O Nf6 7. Nc3 Nc6 8. a3 Bd6 9. b4 O-O 10. Bb2 e5 11. dxe5 Nxe5 12. Be2 Qe7 13. Nd5 Nxd5 14. Qxd5 c6 15. Qd4 Bxf3 16. gxf3 Qg5+ 17. Kh1 Qh6 18. f4 Rfe8 19. Rg1 Rad8 20. Qc3 Ng6 21. Bf3 f6 22. Rg3 Kh8 23. Rag1 Rd7 24. Bg4 Rf7 25. Rh3 Nh4 26. Bf5 Qh5 27. Bg4 Qd5+ 28. e4 Rxe4 29. f3 Rc4 30. Qe3 Nf5 31. Qe8+ Rf8 32. Qh5 Nh6 33. Qxd5 cxd5 34. Be6 Rc2 35. Bc1 d4 36. Rhg3 g6 37. Rh3 Re8 38. Bb3 Rc3 39. Bd5 Nf5 40. Bxb7 Re2 41. Be4 d3 42. Bxf5 gxf5 43. Rhg3 Rc8 44. R3g2 Rxg2 45. Kxg2 d2 46. Bb2 0-1

[Event "Koge Open Weekend 4 2023"]
[Site "Koge"]
[Date "2023.04.21"]
[Round "2"]
[White "Smidt Nielsen, Henrik"]
[Black "Kistrup, Nicolai"]
[Result "0-1"]
[WhiteElo "1909"]
[BlackElo "2300"]
[EventDate "2023.04.21"]
[EventType "swiss"]
[EventRounds "7"]
[EventCountry "DEN"]
[SourceTitle "Live v. Koge Skakklub"]

1. d4 Nf6 2. Nf3 d5 3. g3 c5 4. Bg2 cxd4 5. Nxd4 e5 6. Nb3 Nc6 7. O-O Be6 8. Nc3 h6 9. e4 d4 10. Ne2 Bc4 11. Re1 Be7 12. Bd2 O-O 13. c3 d3 14. Nec1 a5 15. a4 Qd7 16. Be3 Ng4 17. Bb6 Ra6 18. Be3 Nxe3 19. Rxe3 Rd8 20. Nd2 Be6 21. Nf3 d2 22. Ne2 Bc5 23. Ned4 exd4 24. cxd4 Bxd4 25. Nxd4 Qxd4 26. Bf1 Bg4 27. Qxg4 d1=Q 28. Rxd1 Qxd1 0-1

[Event "Koge Open Weekend 4 2023"]
[Site "Koge"]
[Date "2023.04.21"]
[Round "2"]
[White "Jalving, August"]
[Black "Pedersen, Claes Braad"]
[Result "1/2-1/2"]
[WhiteElo "1962"]
[BlackElo "1900"]
[EventDate "2023.04.21"]
[EventType "swiss"]
[EventRounds "7"]
[EventCountry "DEN"]
[SourceTitle "Live v. Koge Skakklub"]

1. e4 e5 2. Nf3 Nc6 3. d4 exd4 4. Bc4 Nf6 5. O-O Nxe4 6. Re1 d5 7. Bxd5 Qxd5 8. Nc3 Qh5 9. Nxe4 Be6 10. Bg5 Bd6 11. Nxd6+ cxd6 12. Bf4 Qd5 13. Qd3 O-O 14. Rad1 h6 15. Nxd4 Nxd4 16. Qxd4 Qxd4 17. Rxd4 d5 18. c3 Rfc8 19. Re3 Rc4 20. Be5 Re8 21. h3 a6 22. Rg3 g6 23. Bf6 Rxd4 24. Bxd4 Bd7 25. Rf3 Re6 26. g4 a5 27. Kh2 a4 28. b3 Re2 29. Re3 Rxe3 30. Bxe3 axb3 31. axb3 f5 32. gxf5 Bxf5 33. Bxh6 Bc2 34. b4 b5 35. Kg3 Kf7 36. Be3 Bd3 37. Bd4 Be4 38. Kg4 Bd3 39. h4 Be4 40. f4 Bd3 41. Kg5 Be4 42. h5 gxh5 43. Kxh5 Ke6 44. Kh6 Kf5 45. Be5 Bd3 46. Kg7 Bc4 47. Kf8 Ke6 48. Bc7 Bd3 49. Ke8 Bc4 50. Kd8 Bd3 51. Kc8 Bc4 52. Kb7 Kf5 53. Kb6 Ke6 54. Kc5 Kf5 55. Kd4 Bb3 56. Be5 Bc4 57. Kc5 Ke6 58. Bd4 Kf5 59. Be3 Ke4 60. Bd2 Kf5 61. Bc1 Ke4 62. Kc6 Kf5 63. Kd6 Bb3 64. Be3 Bc4 65. Kc5 Ke4 66. Bc1 Kf5 67. Kc6 Ke4 68. Kb6 Kf5 69. Kc5 Ke4 70. Bd2 Kf5 71. Kd4 Bb3 72. Be3 Bc4 73. Kc5 Ke4 74. Bd2 Kf5 75. Kd4 Bb3 76. Ke3 Bc4 77. Be1 Bb3 78. Bg3 Bc4 79. Kd4 Bb3 80. Kc5 Bc4 81. Bh2 Ke4 82. Kd6 Kf5 83. Bg3 Bb3 1/2-1/2

[Event "Koge Open Weekend 4 2023"]
[Site "Koge"]
[Date "2023.04.21"]
[Round "3"]
[White "Jacobsen, Mikkel Manosri"]
[Black "Okhotnik, Vladimir"]
[Result "0-1"]
[WhiteElo "2309"]
[BlackElo "2316"]
[EventDate "2023.04.21"]
[EventType "swiss"]
[EventRounds "7"]
[EventCountry "DEN"]
[SourceTitle "Live v. Koge Skakklub"]

1. d4 g6 2. Nf3 Bg7 3. c3 d6 4. e4 Nd7 5. h3 Ngf6 6. Qc2 c5 7. d5 O-O 8. Be2 e6 9. dxe6 fxe6 10. Bg5 Qe7 11. Nbd2 a6 12. O-O h6 13. Bh4 g5 14. Bg3 Nh5 15. Bh2 Nf4 16. Rfe1 b5 17. a4 Bb7 18. Bf1 Bc6 19. Bxf4 gxf4 20. axb5 axb5 21. Qb3 Rab8 22. Ra7 Qf6 23. Rc7 Rfc8 24. Rxc8+ Rxc8 25. Bxb5 Rb8 26. c4 Qd8 27. Qd3 Qc7 28. b3 Ne5 29. Nxe5 Bxe5 30. Bxc6 Qxc6 31. Nf3 Bg7 32. Rd1 Rd8 33. e5 d5 34. Qd2 Qb7 35. Qxf4 Qxb3 36. Rd2 d4 37. Kh2 Qxc4 38. Rb2 Qd5 39. Qg4 d3 40. g3 Rf8 41. Kg2 c4 42. Ra2 c3 43. Ra7 Qxf3+ 44. Qxf3 Rxf3 45. Kxf3 c2 0-1

[Event "Koge Open Weekend 4 2023"]
[Site "Koge"]
[Date "2023.04.21"]
[Round "3"]
[White "Hoi, Carsten"]
[Black "Kistrup, Nicolai"]
[Result "1-0"]
[WhiteElo "2328"]
[BlackElo "2300"]
[EventDate "2023.04.21"]
[EventType "swiss"]
[EventRounds "7"]
[EventCountry "DEN"]
[SourceTitle "Live v. Koge Skakklub"]

1. d4 Nf6 2. Nf3 d5 3. c4 e6 4. Nc3 c5 5. e3 Nc6 6. a3 dxc4 7. Bxc4 a6 8. O-O b5 9. Bd3 Bb7 10. Qe2 cxd4 11. exd4 Be7 12. Rd1 O-O 13. Bg5 Na5 14. Bxf6 Bxf6 15. Be4 Qb6 16. Ne5 Rad8 17. Bxb7 Qxb7 18. Ne4 Be7 19. Nc5 Bxc5 20. dxc5 Nb3 21. Rxd8 Rxd8 22. Rd1 Qc7 23. Rxd8+ Qxd8 24. Qf3 Nxc5 25. Qxf7+ Kh8 26. h3 h6 27. b4 Ne4 28. Qxe6 Qd1+ 29. Kh2 Qd6 30. Qc8+ Kh7 31. Qf5+ 1-0

[Event "Koge Open Weekend 4 2023"]
[Site "Koge"]
[Date "2023.04.21"]
[Round "3"]
[White "Henriksen, Kasper"]
[Black "Koch Mueller, Oscar"]
[Result "1-0"]
[WhiteElo "2130"]
[BlackElo "2167"]
[EventDate "2023.04.21"]
[EventType "swiss"]
[EventRounds "7"]
[EventCountry "DEN"]
[SourceTitle "Live v. Koge Skakklub"]

1. d4 Nf6 2. c4 e6 3. Nc3 Bb4 4. e3 O-O 5. Nge2 d5 6. a3 Be7 7. cxd5 exd5 8. Nf4 c6 9. Bd3 Nbd7 10. O-O Re8 11. Bd2 Nf8 12. Na4 Ne6 13. Nxe6 Bxe6 14. Bb4 Bxb4 15. axb4 Qe7 16. b5 cxb5 17. Bxb5 Rec8 18. Qe2 Qb4 19. Rfc1 Bd7 20. Rxc8+ Rxc8 21. Bxd7 Nxd7 22. Nc3 Nf6 23. Rxa7 Ne4 24. g3 Nxc3 25. bxc3 Qb6 26. Qa2 h6 27. Ra5 Rxc3 28. Ra8+ Kh7 29. Qxd5 Rc1+ 30. Kg2 Qc6 31. Qxc6 Rxc6 32. Rb8 Rb6 33. Kf3 Rb2 34. d5 Kg6 35. e4 Kf6 36. Ke3 Ke5 37. f4+ Kd6 38. Kd4 Rb4+ 39. Kd3 Rb3+ 40. Kc4 Rb2 41. e5+ Kd7 42. f5 b5+ 43. Rxb5 Rc2+ 44. Kd3 Rxh2 45. Rb7+ Ke8 46. d6 Rh1 47. Rb4 Re1 48. Kd4 Kd7 49. Kd5 Rd1+ 50. Rd4 Re1 51. Re4 Rd1+ 52. Kc5 Rc1+ 53. Kd4 Rd1+ 54. Ke3 Re1+ 55. Kf3 Rf1+ 56. Kg4 h5+ 57. Kg5 f6+ 58. exf6 gxf6+ 59. Kxf6 Kxd6 60. Rd4+ Kc7 61. Ke6 Re1+ 62. Kf7 Re3 63. f6 Rxg3 64. Ke7 Re3 65. Kf8 Rf3 66. f7 Rf1 67. Ke7 Re1 68. Kf6 Rf1+ 69. Ke6 Kc6 70. Rd8 Re1 71. Kf6 Rf1 72. Kg6 Rg1 73. Kxh5 Rf1 74. f8=Q Kd5 1-0

[Event "Koge Open Weekend 4 2023"]
[Site "Koge"]
[Date "2023.04.21"]
[Round "3"]
[White "Iskos, Lukas"]
[Black "Pedersen, Henrik Dahl"]
[Result "1/2-1/2"]
[WhiteElo "2013"]
[BlackElo "2218"]
[EventDate "2023.04.21"]
[EventType "swiss"]
[EventRounds "7"]
[EventCountry "DEN"]
[SourceTitle "Live v. Koge Skakklub"]

1. d4 Nf6 2. Nf3 g6 3. c4 c5 4. d5 b5 5. cxb5 a6 6. bxa6 Bxa6 7. Nc3 d6 8. e4 Bxf1 9. Kxf1 Nbd7 10. g3 Bg7 11. Kg2 O-O 12. Re1 Ne8 13. Bf4 Qb8 14. Qe2 h6 15. h4 Nef6 16. Qd2 Kh7 17. e5 Nh5 18. exd6 exd6 19. a4 Nxf4+ 20. Qxf4 Qxb2 21. Nb5 Ne5 22. Nxe5 Bxe5 23. Qg4 Qb3 24. Ra3 Qxd5+ 25. Qf3 Qxf3+ 26. Kxf3 f5 27. Rd1 f4 28. Ke4 fxg3 29. fxg3 Ra6 30. Nc7 Ra5 31. Rb1 Ra7 32. Nb5 Rb7 33. a5 Ra8 34. a6 Rb6 35. Nc7 Raxa6 36. Rxb6 Rxa3 37. Rb7 Rxg3 38. Kd5 Rg4 39. Ke6 Rxh4 40. Nd5+ Kg8 41. Rb8+ 1/2-1/2

[Event "Koge Open Weekend 4 2023"]
[Site "Koge"]
[Date "2023.04.21"]
[Round "3"]
[White "Eriksson, Christian Altenburg"]
[Black "Petersen, Daniel"]
[Result "1/2-1/2"]
[WhiteElo "2152"]
[BlackElo "2010"]
[EventDate "2023.04.21"]
[EventType "swiss"]
[EventRounds "7"]
[EventCountry "DEN"]
[SourceTitle "Live v. Koge Skakklub"]

1. e4 c5 2. c3 d5 3. exd5 Qxd5 4. d4 Nc6 5. Nf3 cxd4 6. cxd4 e5 7. Nc3 Bb4 8. Bd2 Bxc3 9. Bxc3 e4 10. Ne5 Nxe5 11. dxe5 Ne7 12. Qa4+ Bd7 13. Qb4 a5 14. Qa3 Qe6 15. Be2 O-O 16. Rd1 Bc6 17. O-O Ng6 18. Qc5 Rfe8 19. f4 exf3 20. Bxf3 Bxf3 21. Rxf3 b6 22. Qf2 Rad8 23. Re1 Rd5 24. Rfe3 Red8 25. h4 Ne7 26. Rf3 Rd1 27. a3 h6 28. Kh2 Rxe1 29. Qxe1 Nc6 30. Qg3 Kh7 31. Qf4 Rd7 32. Qe4+ Kg8 33. Re3 Ne7 34. Qa8+ Kh7 35. Qe4+ Kg8 36. Qa8+ Kh7 37. Qe4+ 1/2-1/2

[Event "Koge Open Weekend 4 2023"]
[Site "Koge"]
[Date "2023.04.21"]
[Round "3"]
[White "Gregor, Bjarke"]
[Black "Veiergang, Oscar Jacob"]
[Result "1-0"]
[WhiteElo "2095"]
[BlackElo "1856"]
[EventDate "2023.04.21"]
[EventType "swiss"]
[EventRounds "7"]
[EventCountry "DEN"]
[SourceTitle "Live v. Koge Skakklub"]

1. e4 c5 2. Nf3 Nc6 3. d4 cxd4 4. Nxd4 e5 5. Nb5 d6 6. N1c3 a6 7. Na3 b5 8. Nd5 Nf6 9. g3 Be7 10. Bg2 Rb8 11. O-O O-O 12. c4 b4 13. Nc2 a5 14. b3 Nxd5 15. cxd5 Nd4 16. Nxd4 exd4 17. Bb2 Ba6 18. Re1 d3 19. Bf1 Bf6 20. Bxf6 Qxf6 21. Bxd3 Bxd3 22. Qxd3 Rfc8 23. Rac1 Qb2 24. Rxc8+ Rxc8 25. Qa6 Qc3 26. Re3 Qc5 27. Qb7 Rc7 28. Qb8+ Rc8 29. Qb7 Rc7 30. Qa6 g6 31. Rf3 Re7 32. Qa8+ Kg7 33. Qd8 Qc7 34. Qa8 Rxe4 35. Kg2 Re7 36. h4 h5 37. Rf4 Qc5 38. Qd8 Qc7 39. Qa8 Qc5 40. Rc4 Qa7 41. Qxa7 Rxa7 42. Rc6 Kf6 43. f4 Ke7 44. Kf3 f5 45. Rc1 Rb7 46. Re1+ Kf7 47. Re6 Rb6 48. Ke3 Kg7 49. Kd4 Kf7 50. Kc4 Kg7 51. Re7+ Kf6 52. Ra7 g5 53. hxg5+ Kg6 54. Rxa5 1-0

[Event "Koge Open Weekend 4 2023"]
[Site "Koge"]
[Date "2023.04.23"]
[Round "6"]
[White "Jacobsen, Mikkel Manosri"]
[Black "Heimisson, Hilmir Freyr"]
[Result "1/2-1/2"]
[WhiteElo "2309"]
[BlackElo "2351"]
[EventDate "2023.04.21"]
[EventType "swiss"]
[EventRounds "7"]
[EventCountry "DEN"]
[SourceTitle "Live v. Koge Skakklub"]

1. e4 c6 2. d4 d5 3. exd5 cxd5 4. Bd3 Nc6 5. c3 Nf6 6. Bf4 Bg4 7. Qb3 Qd7 8. Nd2 e6 9. Ngf3 Bd6 10. Bxd6 Qxd6 11. O-O O-O 12. Rae1 Bxf3 13. Nxf3 Qc7 1/2-1/2

[Event "Koge Open Weekend 4 2023"]
[Site "Koge"]
[Date "2023.04.23"]
[Round "6"]
[White "Kistrup, Nicolai"]
[Black "Okhotnik, Vladimir"]
[Result "1/2-1/2"]
[WhiteElo "2300"]
[BlackElo "2316"]
[EventDate "2023.04.21"]
[EventType "swiss"]
[EventRounds "7"]
[EventCountry "DEN"]
[SourceTitle "Live v. Koge Skakklub"]

1. d4 d6 2. e4 e5 3. Nf3 exd4 4. Nxd4 Nf6 5. Nc3 Be7 6. Bd3 O-O 7. O-O Nc6 8. Nxc6 bxc6 9. f4 Re8 10. Qf3 Bf8 11. Bd2 Rb8 12. b3 Nd7 13. Rae1 Nc5 14. Bc4 Be6 15. Bxe6 fxe6 16. Be3 d5 17. Qf2 Qd6 18. Bd4 a5 19. Re2 Nd7 20. Na4 c5 21. Bc3 Qc6 22. exd5 exd5 23. Rfe1 Nf6 24. Bxf6 Rxe2 25. Qxe2 Qxf6 26. Qe6+ Qxe6 27. Rxe6 Bd6 28. f5 Rb4 29. Nc3 Rd4 30. g3 Kf7 31. Re2 Kf6 32. Rf2 c6 33. Kg2 c4 34. h3 h5 35. Na4 cxb3 36. axb3 Re4 37. Nc3 Re3 38. Ne2 c5 39. h4 d4 40. Kh2 d3 41. cxd3 Rxd3 42. Nf4 Bxf4 43. Rxf4 Rxb3 44. Ra4 Rb5 45. g4 hxg4 46. Kg3 Rb3+ 47. Kg2 Kxf5 48. Rxa5 Kf4 49. Rxc5 Rb2+ 50. Kg1 Kg3 51. Rc3+ Kxh4 52. Ra3 g3 53. Ra8 Kg4 54. Rg8 Rb7 55. Ra8 g5 56. Kg2 Rb2+ 57. Kg1 Re2 58. Rf8 Rb2 59. Ra8 Re2 60. Rb8 Rf2 61. Ra8 Re2 62. Rb8 Re7 63. Kg2 Rf7 64. Rb4+ Rf4 65. Rb8 Re4 66. Ra8 Re2+ 67. Kg1 Rh2 68. Rb8 Rh7 69. Kg2 Rf7 70. Rb4+ Rf4 71. Rb8 Re4 72. Ra8 Re2+ 73. Kg1 g2 74. Ra4+ Kh3 75. Ra3+ Kh4 76. Rb3 Kg4 77. Ra3 Kf4 78. Rb3 Re3 79. Rxe3 Kxe3 80. Kxg2 Kf4 81. Kf2 Ke5 1/2-1/2